[Event "Open Noel 2006"]
[Site "Mont de Marsan"]
[Date "2006.12.27"]
[Round "4"]
[White "Velten, Paul"]
[Black "Auge, Jean"]
[Result "1-0"]
[WhiteElo "1936"]
[BlackElo "1941"]
[EventDate "2006.??.??"]
[PlyCount "91"]

1.d4 f5 2.c4 Nf6 3.Nc3 e6 4.Nf3 d5 5.cxd5 Nxd5 6.Bg5 Be7 7.Bxe7 Qxe7 8.e3 
O-O 9.Bd3 Nd7 10.O-O c6 11.e4 fxe4 12.Nxe4 N7f6 13.Neg5 h6 14.Ne4 Nxe4 15.
Bxe4 Qf6 16.Ne5 Nf4 17.g3 Nh3+ 18.Kg2 Ng5 19.Bc2 Nf7 20.f4 Nxe5 21.dxe5 
Qd8 22.Qxd8 Rxd8 23.Rad1 Bd7 24.Bb3 Kf7 25.f5 Ke7 26.f6+ gxf6 27.Rxf6 Rh8 
28.Rxd7+ Kxd7 29.Rf7+ Kc8 30.Bxe6+ Kb8 31.Bg4 a5 32.e6 Ka7 33.e7 Kb6 34.
Bd7 Kc5 35.Rf6 Kd5 36.Re6 Rhe8 37.Kf3 b5 38.Re4 Kd6 39.Bxe8 Rxe8 40.g4 Kd5
41.h4 c5 42.g5 hxg5 43.hxg5 Kd6 44.g6 Kd7 45.g7 Rg8 46.e8=Q+ 1-0

[Event "Open Noel 2006"]
[Site "Mont de Marsan"]
[Date "2006.12.27"]
[Round "3"]
[White "Gipouloux, Laurent"]
[Black "Darrigues, Alain"]
[Result "0-1"]
[WhiteElo "1775"]
[BlackElo "1989"]
[EventDate "2006.??.??"]
[PlyCount "62"]

1.e4 c5 2.b3 Nc6 3.Bb2 d6 4.Nf3 Nf6 5.Bb5 Nxe4 6.Qe2 Nf6 7.d4 cxd4 8.Nxd4 
Bd7 9.Nf3 e6 10.O-O Be7 11.Nbd2 O-O 12.Rad1 a6 13.Bd3 Nb4 14.a4 Rc8 15.c4 
Nxd3 16.Qxd3 Qc7 17.Ng5 g6 18.Ndf3 e5 19.Nh4 Bc6 20.f4 Qb6+ 21.Kh1 Ng4 22.
Rd2 exf4 23.Rxf4 Ne5 24.Qg3 Qb4 25.Re2 Rce8 26.Nf5 Bxg5 27.Qxg5 f6 28.Bxe5
Rxe5 29.Rxe5 dxe5 30.Nh6+ Kh8 31.Rf1 fxg5 0-1

[Event "Open Noel 2006"]
[Site "Mont de Marsan"]
[Date "2006.12.28"]
[Round "5"]
[White "Auge, Jean"]
[Black "Marni-Sandid, Tarik"]
[Result "1-0"]
[WhiteElo "1941"]
[BlackElo "1770"]
[EventDate "2006.??.??"]
[PlyCount "83"]

1.e4 a6 2.d4 c5 3.d5 d6 4.c4 g6 5.Nc3 Bg7 6.Bd3 Nf6 7.h3 Nbd7 8.Nge2 Ne5 
9.f4 Nxd3+ 10.Qxd3 Qa5 11.O-O Qc7 12.f5 O-O 13.Bg5 Bd7 14.Rae1 b5 15.b3 
bxc4 16.bxc4 Rab8 17.Kh1 Rfe8 18.fxg6 hxg6 19.Rf3 Nh7 20.Bc1 Rf8 21.Ref1 
Qa5 22.g4 Be5 23.Bh6 Bg7 24.Bxg7 Kxg7 25.Ng1 Rb2 26.Qe3 f6 27.R3f2 Rfb8 
28.Nf3 Rxf2 29.Rxf2 Qb4 30.Qd3 Qa3 31.Kg2 Rb2 32.Kg3 Rxf2 33.Kxf2 Qc1 34.
Ne2 Qb2 35.Qb3 Qxb3 36.axb3 a5 37.Nc3 Kf7 38.Kg3 f5 39.gxf5 gxf5 40.e5 f4+
41.Kxf4 Bxh3 42.Nb5 1-0

[Event "Open Noel 2006"]
[Site "Mont de Marsan"]
[Date "2006.12.29"]
[Round "7"]
[White "Auge, Jean"]
[Black "Faure, Nicolas"]
[Result "0-1"]
[WhiteElo "1941"]
[BlackElo "2081"]
[EventDate "2006.??.??"]
[PlyCount "120"]

1.e4 c5 2.f4 e6 3.Nf3 d5 4.Bb5+ Bd7 5.Bxd7+ Nxd7 6.exd5 exd5 7.O-O Bd6 8.
d4 Ne7 9.dxc5 Bxc5+ 10.Kh1 O-O 11.Nc3 Nf6 12.Ne2 Nf5 13.Ned4 Nxd4 14.Nxd4 
Re8 15.c3 Qb6 16.b4 Bxd4 17.Qxd4 Qxd4 18.cxd4 Rac8 19.f5 Rc2 20.Bg5 Ree2 
21.Rac1 Rxg2 22.Rxc2 Rxc2 23.Rc1 Rxc1+ 24.Bxc1 Ne4 25.Kg2 g6 26.fxg6 hxg6 
27.Kf3 f6 28.h4 Kf7 29.Be3 b5 30.Kg4 f5+ 31.Kf4 Kf6 32.Kf3 g5 33.hxg5+ 
Nxg5+ 34.Kf4 Ne6+ 35.Kf3 f4 36.Bxf4 Nxd4+ 37.Kg4 Nc2 38.Bd6 Ke6 39.Bc5 Ke5
40.Kf3 Nd4+ 41.Ke3 Nc6 42.Kd3 a6 43.Bf8 d4 44.a4 Kd5 45.axb5 axb5 46.Bc5 
Ne5+ 47.Kd2 Kc4 48.Bf8 Nc6 49.Bh6 Nxb4 50.Bg5 d3 51.Bf6 Nc2 52.Bg7 Nd4 53.
Bf6 b4 54.Bg7 b3 55.Kc1 d2+ 56.Kxd2 b2 57.Bxd4 b1=Q 58.Bh8 Qh1 59.Bb2 Qg2+
60.Kc1 Kb3 0-1

[Event "Open Noel 2006"]
[Site "Mont de Marsan"]
[Date "2006.12.30"]
[Round "9"]
[White "Gipouloux, Laurent"]
[Black "Taravaud, Evelyne"]
[Result "1-0"]
[WhiteElo "1775"]
[BlackElo "1750"]
[EventDate "2006.??.??"]
[PlyCount "45"]

1.e4 c5 2.b3 d6 3.Bb5+ Nc6 4.Bb2 a6 5.Bxc6+ bxc6 6.d3 Nf6 7.Ne2 e5 8.Nd2 
Be7 9.O-O O-O 10.Nc4 Nd7 11.Ng3 f6 12.Nf5 d5 13.Qg4 g6 14.Nce3 Nb6 15.Qg3 
Kh8 16.Nh6 Be6 17.f4 d4 18.f5 dxe3 19.fxe6 Qe8 20.Bxe5 e2 21.Rf2 fxe5 22.
Qxe5+ Bf6 23.Rxf6 1-0

[Event "N4"]
[Site "?"]
[Date "2007.??.??"]
[Round "?"]
[White "Steffens, David"]
[Black "Bashaev, Serguei"]
[Result "0-1"]
[WhiteElo "1780"]
[BlackElo "1499"]
[EventDate "2007.04.01"]
[PlyCount "72"]

1.d4 d5 2.c4 dxc4 3.Nc3 c6 4.a4 Nf6 5.Nf3 Bf5 6.e3 e6 7.Bxc4 Nbd7 8.O-O 
Nb6 9.Bd3 Bg4 10.Re1 Bd6 11.e4 Bc7 12.Be2 h6 13.Be3 O-O 14.Qc2 Qe7 15.Rad1
Rad8 16.h3 Bxf3 17.Bxf3 e5 18.d5 cxd5 19.Nxd5 Nbxd5 20.exd5 e4 21.Bc5 Qe5 
22.g3 Rfe8 23.Bd4 Qf5 24.Bxf6 Qxf6 25.Bxe4 Be5 26.b3 Rc8 27.Qb1 g6 28.d6 
Bxd6 29.Bxb7 Rxe1+ 30.Rxe1 Rc3 31.Qd1 Bc5 32.Re2 Rxg3+ 33.Bg2 Qg5 34.Qf1 
Rxb3 35.Re8+ Kg7 36.Qc4 Rb1+ 0-1

[Event "N4"]
[Site "?"]
[Date "2007.??.??"]
[Round "?"]
[White "Robichon, Franck"]
[Black "De Jong, Arjen"]
[Result "1/2-1/2"]
[WhiteElo "1970"]
[BlackElo "1720"]
[EventDate "2007.04.01"]
[PlyCount "104"]

1.d4 Nf6 2.c4 g6 3.Nf3 Bg7 4.Nc3 O-O 5.e4 d6 6.h3 Nbd7 7.Be3 e5 8.dxe5 
Nxe5 9.Nxe5 dxe5 10.Qc2 Be6 11.Rd1 Qe7 12.Be2 Rfd8 13.O-O c6 14.Rxd8+ Qxd8
15.Rd1 Qe7 16.Qd2 Nd7 17.Bg5 Bf6 18.Be3 Bh4 19.b3 f5 20.Qd6 f4 21.Qxe7 
Bxe7 22.Bc1 Rf8 23.Bb2 h5 24.Nb1 Kf7 25.Nd2 Bf6 26.Nf3 g5 27.Nh2 Rh8 28.f3
Be7 29.Nf1 Nf6 30.Bxe5 Rg8 31.Nh2 Bc5+ 32.Bd4 Nd7 33.Bxc5 Nxc5 34.Kf2 Nd7 
35.Nf1 Ne5 36.Nd2 g4 37.hxg4 hxg4 38.Rh1 Rg7 39.Nb1 a5 40.Na3 Kg6 41.Nc2 
Kg5 42.Nd4 Bd7 43.Rh8 c5 44.Nc2 Bc6 45.Rd8 Ng6 46.Na3 Rh7 47.Rg8 Rh1 48.
Bd3 Kf6 49.fxg4 Ne5 50.Bb1 Rd1 51.Ke2 Rg1 52.Kf2 Rd1 1/2-1/2

[Event "N4"]
[Site "?"]
[Date "2007.??.??"]
[Round "?"]
[White "ravon, Michel"]
[Black "Daragon, Bruno"]
[Result "0-1"]
[WhiteElo "1550"]
[BlackElo "1770"]
[EventDate "2007.04.01"]
[PlyCount "80"]

1.d4 Nf6 2.c4 g6 3.Nc3 d6 4.e4 Bg7 5.f3 O-O 6.Be3 Nc6 7.Bd3 a6 8.Nge2 e5 
9.d5 Ne7 10.Qd2 Kh8 11.O-O Neg8 12.Ng3 h5 13.Bg5 Qe8 14.Nh1 Nh7 15.Be3 f5 
16.Rad1 f4 17.Bf2 g5 18.c5 Nh6 19.Be2 Nf6 20.cxd6 cxd6 21.Bb6 g4 22.Qe1 
Qg6 23.Bf2 Rg8 24.Na4 Nd7 25.Rc1 b5 26.Nb6 Nxb6 27.Bxb6 Bf6 28.Bf2 gxf3 
29.Bxf3 Bh3 30.g3 Bxf1 31.Kxf1 Ng4 32.Kg1 Rac8 33.Rc6 Rxc6 34.dxc6 Rc8 35.
Qc3 d5 36.Qc2 d4 37.Qc5 Ne3 38.b3 Bg7 39.c7 Qf7 40.Bxe3 fxe3 0-1

[Event "N4"]
[Site "?"]
[Date "2007.??.??"]
[Round "?"]
[White "Lecoultre, Patrick"]
[Black "Sakri, Abdelhak"]
[Result "1-0"]
[WhiteElo "1738"]
[BlackElo "1962"]
[EventDate "2007.04.01"]
[PlyCount "81"]

1.d4 Nf6 2.Nf3 e6 3.Bg5 d5 4.e3 Nbd7 5.Nbd2 c5 6.c3 Bd6 7.Be2 Qc7 8.Qc2 a6
9.h3 h6 10.Bxf6 Nxf6 11.Rc1 c4 12.e4 Bf4 13.Rd1 Bxd2+ 14.Nxd2 dxe4 15.Nxc4
b5 16.Ne3 O-O 17.O-O Bb7 18.Rd2 Qf4 19.Rfd1 Nd5 20.Nxd5 exd5 21.Re1 Rae8 
22.Bf1 Qg5 23.Re3 f5 24.Re1 f4 25.Rde2 Bc8 26.Kh1 Qh4 27.b3 g5 28.f3 Bf5 
29.Qd1 h5 30.c4 g4 31.fxe4 Bxe4 32.cxd5 gxh3 33.Rxe4 hxg2+ 34.Kxg2 f3+ 35.
Qxf3 Rxe4 36.Rxe4 Qg5+ 37.Qg3 Qxg3+ 38.Kxg3 Rxf1 39.d6 Rf8 40.d7 Kf7 41.
Rf4+ 1-0

[Event "N4"]
[Site "?"]
[Date "2007.??.??"]
[Round "?"]
[White "Jung, Pascal"]
[Black "Nougayrede, Jean Louis"]
[Result "1-0"]
[WhiteElo "2027"]
[BlackElo "1850"]
[EventDate "2007.04.01"]
[PlyCount "78"]

1.d4 d5 2.c4 c6 3.Nf3 g6 4.Nc3 Nf6 5.cxd5 cxd5 6.Bf4 a6 7.e3 Bg7 8.Bd3 O-O
9.Rc1 Nc6 10.h3 e6 11.O-O Qe7 12.Re1 Nh5 13.Bh2 f5 14.Na4 Qd8 15.Qb3 Na5 
16.Qb6 Nc6 17.Qxd8 Rxd8 18.Nb6 Ra7 19.Ng5 e5 20.Nxc8 Rxc8 21.dxe5 Bf8 22.
Be2 Ng7 23.Bf3 Rd8 24.e6 Bd6 25.Nf7 Bxh2+ 26.Kxh2 Re8 27.Bxd5 Ne7 28.Bb3 
b5 29.Red1 Raa8 30.Rd7 Kf8 31.Ng5 Kg8 32.Rcc7 h6 33.Nf7 Kf8 34.Ne5 Rac8 
35.Nxg6+ Nxg6 36.Rf7+ Kg8 37.Rxg7+ Kh8 38.Rh7+ Kg8 39.Rcg7+ Kf8 1-0

[Event "N4"]
[Site "?"]
[Date "2007.??.??"]
[Round "?"]
[White "Hoareau, Nicolas"]
[Black "Juglard, Eric"]
[Result "1/2-1/2"]
[WhiteElo "1860"]
[BlackElo "2130"]
[EventDate "2007.04.01"]
[PlyCount "92"]

1.d4 Nf6 2.Nf3 g6 3.Nc3 d5 4.Bf4 Bg7 5.e3 Nh5 6.Bg5 h6 7.Bh4 g5 8.Bg3 Nxg3
9.hxg3 c6 10.Bd3 Bg4 11.Qd2 Nd7 12.Nh2 Be6 13.f4 Nf6 14.Nf3 Qc7 15.Ne5 Ng4
16.O-O-O Nxe5 17.fxe5 O-O-O 18.Rdf1 f6 19.exf6 Bxf6 20.Qf2 Kb8 21.Ne2 Bg4 
22.Nc3 Rhf8 23.Qe1 Bg7 24.Be2 Bc8 25.Bh5 e5 26.Ne2 Bf5 27.Rf2 Be6 28.Rhf1 
c5 29.Rxf8 Rxf8 30.Rxf8+ Bxf8 31.Qc3 cxd4 32.Qxc7+ Kxc7 33.exd4 Bd6 34.
dxe5 Bxe5 35.c3 Bd7 36.Kd2 Kd6 37.Bg6 Bg4 38.Be8 Bxe2 39.Kxe2 Bxg3 40.Kf3 
Bf4 41.Bf7 Kc5 42.Ke2 b5 43.Kd3 Be5 44.b4+ Kc6 45.Be8+ Kb6 46.Bf7 Kc6 
1/2-1/2

[Event "N4"]
[Site "?"]
[Date "2007.??.??"]
[Round "?"]
[White "Gregory, Daniel"]
[Black "Daloz, Jean-Michel"]
[Result "0-1"]
[WhiteElo "2075"]
[BlackElo "2170"]
[EventDate "2007.04.01"]
[PlyCount "105"]

1.e4 c5 2.Nc3 Nc6 3.g3 g6 4.Bg2 Bg7 5.Nh3 e6 6.d3 Nge7 7.Nf4 d6 8.O-O Rb8 
9.h4 b5 10.Nce2 e5 11.Nh3 O-O 12.Be3 f5 13.c3 h6 14.Qd2 Kh7 15.d4 cxd4 16.
cxd4 fxe4 17.dxe5 Nxe5 18.Qb4 a5 19.Qb3 a4 20.Qb4 Nd3 21.Qd2 d5 22.Bd4 
Bxd4 23.Nxd4 Qb6 24.Nc2 Bxh3 25.Bxh3 Rf3 26.Bg2 Rxg3 27.Ne3 Rxg2+ 28.Nxg2 
Rf8 29.Qe3 Qf6 30.Qa7 Rf7 31.Qd7 Ne5 32.Qh3 Nf3+ 33.Kh1 d4 34.Rac1 Nd2 35.
Rfd1 Qxf2 36.Qe6 Qf5 37.Qxf5 Nxf5 38.Rxd2 e3 39.Rd3 g5 40.Kg1 gxh4 41.Rf1 
h3 42.Nxe3 dxe3 43.Rxe3 Rg7+ 44.Kf2 Rg2+ 45.Kf3 Nxe3 46.Kxe3 Rxb2 47.Ra1 
b4 48.Kd3 h2 49.Kc4 Rxa2 50.Rxa2 h1=Q 51.Kxb4 Qe4+ 52.Ka3 Qc4 53.Rb2 0-1

[Event "N4"]
[Site "?"]
[Date "2007.??.??"]
[Round "?"]
[White "Dezaele, Christophe"]
[Black "Canivet, Christophe"]
[Result "1-0"]
[WhiteElo "2130"]
[BlackElo "1865"]
[EventDate "2007.04.01"]
[PlyCount "55"]

1.d4 e6 2.Nf3 d5 3.g3 Nf6 4.Bg2 Nbd7 5.O-O Be7 6.Nbd2 b6 7.c4 Bb7 8.cxd5 
Bxd5 9.Qc2 c5 10.e4 Bb7 11.dxc5 Nxc5 12.Ne5 Rc8 13.b4 Qc7 14.Bb2 Ncd7 15.
Qa4 a6 16.Rac1 Qd8 17.Rxc8 Qxc8 18.Rc1 Qd8 19.Nxd7 Qxd7 20.Qxd7+ Kxd7 21.
Nc4 Bd8 22.Rd1+ Ke7 23.b5 Nxe4 24.bxa6 Bxa6 25.Ne5 Nd6 26.Nc6+ Kd7 27.Nb8+
Ke7 28.Nxa6 1-0

[Event "R1- Cahors-Montech"]
[Site "?"]
[Date "2007.??.??"]
[Round "4.3"]
[White "Dervieux, Dominique"]
[Black "Bengueneb, Smain"]
[Result "1/2-1/2"]
[WhiteElo "1850"]
[BlackElo "1899"]
[EventDate "2007.??.??"]
[PlyCount "90"]

1.d4 d5 2.Nf3 Nf6 3.e3 Bg4 4.h3 Bxf3 5.Qxf3 e6 6.Bd3 Be7 7.Nd2 Nc6 8.Qg3 
g6 9.Bb5 Qd7 10.c3 a6 11.Bd3 Bd6 12.Qf3 Qe7 13.e4 dxe4 14.Nxe4 Nxe4 15.
Bxe4 Qd7 16.Qf6 Rg8 17.Bg5 Ne7 18.Bxb7 Rb8 19.Qf3 Qb5 20.Bxe7 Kxe7 21.Bc6 
Qxb2 22.O-O Kf8 23.Qd3 Qa3 24.Rfb1 Kg7 25.Bb7 Qa5 26.Rb3 Rge8 27.Qxa6 Qg5 
28.Bc6 Rxb3 29.axb3 Rd8 30.Qe2 Rb8 31.b4 e5 32.d5 Qf4 33.g3 Qf5 34.g4 Qf6 
35.Qe4 Qh4 36.Qf3 Rf8 37.Ra8 Qg5 38.Rxf8 Kxf8 39.Qe3 Qh4 40.Kg2 h6 41.b5 
Kg7 42.c4 Qe7 43.b6 cxb6 44.Qxb6 e4 45.Qd4+ Kh7 1/2-1/2

[Event "R1 - Figeac-Cahors"]
[Site "Figeac"]
[Date "2007.??.??"]
[Round "5"]
[White "Thamier, Stephan"]
[Black "Luis, Henri"]
[Result "1-0"]
[WhiteElo "1900"]
[BlackElo "1720"]
[EventDate "2007.??.??"]
[PlyCount "99"]

1.e4 c5 2.f4 e6 3.Nf3 Nf6 4.d3 Nc6 5.Be3 d5 6.Nbd2 Qc7 7.e5 d4 8.Bxd4 cxd4
9.exf6 gxf6 10.g3 e5 11.Qe2 Bg4 12.O-O-O O-O-O 13.h3 Be6 14.Nb3 Bh6 15.Kb1
exf4 16.gxf4 Rhe8 17.Qf2 Bxf4 18.Nfxd4 Be3 19.Nxe6 Rxe6 20.Qf5 h6 21.Bg2 
Nd4 22.Nxd4 Bxd4 23.Bd5 Rd6 24.Bxe6+ fxe6 25.Qf4 Be5 26.Qxh6 Qb6 27.Qc1 
Qb5 28.c4 Qc5 29.Qc2 Rb6 30.b3 a5 31.Kc1 Bf4+ 32.Kb2 a4 33.d4 Qb4 34.Rd3 
e5 35.dxe5 Bxe5+ 36.Kb1 Qc5 37.Rhd1 Kb8 38.Rd5 axb3 39.Rxc5 bxc2+ 40.Kxc2 
Rb2+ 41.Kd3 Rxa2 42.Ke4 Re2+ 43.Kf5 Re3 44.Rd8+ Ka7 45.h4 Rf3+ 46.Ke6 Re3 
47.Kf7 Re4 48.h5 b6 49.Rcc8 Rh4 50.Rd7+ 1-0

[Event "R1 - Figeac-Cahors"]
[Site "Figeac"]
[Date "2007.??.??"]
[Round "5"]
[White "Sainte-Marie, Loic"]
[Black "Houmeau, Dominique"]
[Result "0-1"]
[WhiteElo "1099"]
[BlackElo "1530"]
[EventDate "2007.??.??"]
[PlyCount "40"]

1.e4 e5 2.Bc4 Be7 3.Nf3 d6 4.Bb5+ Bd7 5.Bc4 Nf6 6.Nc3 O-O 7.O-O Nc6 8.d3 
a6 9.Be3 Bg4 10.h3 Bh5 11.Bg5 Nd4 12.Nd5 Nxf3+ 13.gxf3 Nxd5 14.Bxd5 Bxg5 
15.Re1 c6 16.Re2 Qf6 17.Qe1 Bxf3 18.Bc4 Bf4 19.Kf1 Qg5 20.Rd2 Qg2# 0-1

[Event "R1 - Figeac-Cahors"]
[Site "Figeac"]
[Date "2007.??.??"]
[Round "5"]
[White "Montreuille, Pierre"]
[Black "Paillard, Jean"]
[Result "0-1"]
[WhiteElo "1490"]
[BlackElo "1360"]
[EventDate "2007.??.??"]
[PlyCount "50"]

1.Nf3 e6 2.b3 Nf6 3.Bb2 Be7 4.d4 d5 5.a3 Nbd7 6.e3 O-O 7.c4 c5 8.cxd5 Nxd5
9.Bd3 N7f6 10.O-O Ne8 11.Nbd2 f5 12.Rc1 b6 13.Ne5 Bb7 14.Bb5 Rc8 15.Qe2 
Nd6 16.Bd3 Nf7 17.dxc5 Bxc5 18.b4 Bd6 19.Nxf7 Rxf7 20.Qh5 Nf6 21.Bxf6 Rxf6
22.Nc4 Rh6 23.Qe2 Bxh2+ 24.Kh1 Bd6+ 25.Kg1 Rh1+ 0-1

[Event "R1 - Figeac-Cahors"]
[Site "Figeac"]
[Date "2007.??.??"]
[Round "5"]
[White "Hegray, Charlie"]
[Black "Rouqual, Guy"]
[Result "0-1"]
[WhiteElo "1650"]
[BlackElo "1770"]
[EventDate "2007.??.??"]
[PlyCount "102"]

1.d4 d5 2.Nf3 c6 3.Nc3 Bf5 4.h3 e6 5.g4 Bg6 6.Ne5 Nd7 7.Nxd7 Qxd7 8.h4 h6 
9.h5 Bh7 10.f4 Qc7 11.a3 Be7 12.Be3 f5 13.Qd2 fxg4 14.O-O-O Bf5 15.Bf2 Nf6
16.Bg2 b5 17.e4 dxe4 18.Rde1 b4 19.Nxe4 bxa3 20.Nxf6+ gxf6 21.Qc3 axb2+ 
22.Kxb2 Qb6+ 23.Ka2 Qa6+ 24.Kb1 Rb8+ 25.Kc1 Ba3+ 26.Kd1 O-O 27.Qxc6 Rb1+ 
28.Kd2 Bc1+ 29.Rxc1 Rb6 30.Qd7 Rd6 31.Qb7 Qa5+ 32.Ke2 Rf7 33.Qb8+ Rd8 34.
Qb3 Rfd7 35.Ra1 Qc7 36.c3 Qxf4 37.Be3 Qg3 38.Be4 Kg7 39.Bxf5 exf5 40.Raf1 
Re7 41.c4 Rxd4 42.Rxf5 Qg2+ 43.Ke1 Qxh1+ 44.Ke2 Rxe3+ 45.Qxe3 Re4 46.Kd3 
Rxe3+ 47.Kxe3 Qc1+ 48.Kd4 Kf7 49.Rb5 g3 50.Rb7+ Ke6 51.Rxa7 Qg1+ 0-1

[Event "R1 - Figeac-Cahors"]
[Site "Figeac"]
[Date "2007.??.??"]
[Round "5"]
[White "Haezebaert, Philippe"]
[Black "Nivat, Alain"]
[Result "1/2-1/2"]
[WhiteElo "2024"]
[BlackElo "1873"]
[EventDate "2007.??.??"]
[PlyCount "40"]

1.e4 e5 2.Nc3 Nf6 3.Nf3 Nc6 4.d4 Bb4 5.Nxe5 O-O 6.Bg5 Re8 7.Nxc6 Rxe4+ 8.
Be3 dxc6 9.Bd3 Rg4 10.h3 Rh4 11.Bg5 Rxd4 12.O-O Bxc3 13.bxc3 Rd5 14.f4 h6 
15.Bh4 Bf5 16.Rf3 Bxd3 17.Rxd3 Rxd3 18.cxd3 Qd6 19.Bxf6 Qxf6 20.Qd2 Re8 
1/2-1/2

[Event "R1 - Cahors-Montech"]
[Site "?"]
[Date "2007.??.??"]
[Round "4.6"]
[White "Wacker, Antoine"]
[Black "Montreuille, Pierre"]
[Result "0-1"]
[WhiteElo "1410"]
[BlackElo "1490"]
[EventDate "2007.??.??"]
[PlyCount "82"]

1.e4 c5 2.Bc4 Nc6 3.c3 e5 4.Nh3 h6 5.Bd5 Qc7 6.d3 d6 7.Qf3 Nf6 8.Qe2 Be7 
9.Nd2 O-O 10.f3 Bxh3 11.gxh3 Nh5 12.Nf1 Bh4+ 13.Kd1 Ne7 14.Rg1 Nf4 15.Bxf4
exf4 16.Rg4 g5 17.Qg2 Nxd5 18.exd5 Kh8 19.Qd2 Rae8 20.Kc2 Qe7 21.Kb3 Qe2 
22.Rg2 Qxf3 23.c4 Qxh3 24.Qc3+ Re5 25.Re2 Re8 26.Nd2 Kg8 27.Ne4 g4 28.Rg1 
f5 29.Nxd6 Rxe2 30.Nxe8 Rxe8 31.d6 Re3 32.Rd1 Qf3 33.Qd2 Qc6 34.h3 Qxd6 
35.hxg4 fxg4 36.a3 Qb6+ 37.Ka2 Bf6 38.Rb1 a5 39.Qd1 h5 40.Qh1 Rxd3 41.Qxh5
Qb3+ 0-1

[Event "R1 - Cahors-Montech"]
[Site "?"]
[Date "2007.??.??"]
[Round "4.5"]
[White "Houmeau, Dominique"]
[Black "Desquines, Charles"]
[Result "1-0"]
[WhiteElo "1530"]
[BlackElo "1300"]
[EventDate "2007.??.??"]
[PlyCount "115"]

1.e4 c5 2.c4 d6 3.Be2 Nc6 4.d3 Nd4 5.h3 Nf6 6.Nf3 Nxe2 7.Qxe2 g6 8.Bd2 Bg7
9.Nc3 Nd7 10.Rb1 Ne5 11.Nxe5 Bxe5 12.Nd5 e6 13.Ne3 h5 14.Nd1 Qf6 15.Bc3 
Bd7 16.Bxe5 Qxe5 17.Qd2 f5 18.Qc3 Qxc3+ 19.Nxc3 f4 20.f3 h4 21.Ne2 g5 22.
O-O Ba4 23.b3 Bc6 24.Nc3 e5 25.b4 cxb4 26.Rxb4 b6 27.Nb5 Kd7 28.Rfb1 Rhc8 
29.Kf2 Bxb5 30.Rxb5 Rc5 31.Ke2 Rxb5 32.Rxb5 Rc8 33.Kd2 Rc5 34.Kc3 Kc6 35.
Rb2 a6 36.a4 Ra5 37.Kb4 Rc5 38.Rd2 Kd7 39.d4 exd4 40.Rxd4 Ke6 41.Rd5 a5+ 
42.Kc3 Rxd5 43.cxd5+ Kd7 44.Kd4 Ke7 45.e5 dxe5+ 46.Kxe5 b5 47.d6+ Kd7 48.
axb5 a4 49.b6 a3 50.b7 a2 51.b8=Q a1=Q+ 52.Kf5 Qa5+ 53.Kg4 Qd2 54.Qc7+ Ke6
55.Qe7+ Kd5 56.Qxg5+ Kxd6 57.Qxf4+ Qxf4+ 58.Kxf4 1-0

[Event "R1 - Cahors-Montech"]
[Site "?"]
[Date "2007.??.??"]
[Round "4.4"]
[White "Jourda, Dominique"]
[Black "Delmas, Jean"]
[Result "1/2-1/2"]
[WhiteElo "1699"]
[BlackElo "1710"]
[EventDate "2007.??.??"]
[PlyCount "101"]

1.d4 d5 2.Nf3 Nf6 3.e3 e6 4.Bd3 Nc6 5.O-O Be7 6.Nbd2 O-O 7.a3 a6 8.b3 Re8 
9.Bb2 Bd6 10.c4 dxc4 11.bxc4 Bf8 12.Qc2 g6 13.Rfe1 Bg7 14.Rad1 Rb8 15.Nb3 
Na7 16.e4 c6 17.Rd2 b6 18.Red1 Bh6 19.Re2 Bb7 20.a4 Bf8 21.Bc3 Rc8 22.Bd2 
Bg7 23.Bg5 Qc7 24.Bxf6 Bxf6 25.e5 Be7 26.Nbd2 c5 27.Be4 Bxe4 28.Qxe4 cxd4 
29.Nxd4 Nc6 30.Nxc6 Qxc6 31.Qxc6 Rxc6 32.Rc1 Rd8 33.f4 Kg7 34.Kf2 Rd4 35.
g3 Bb4 36.Rc2 Bxd2 37.Rexd2 Rxd2+ 38.Rxd2 Rxc4 39.Rd6 Rxa4 40.Rxb6 Ra1 41.
Rb7 a5 42.Ra7 a4 43.h4 h5 44.Kf3 a3 45.Ra4 a2 46.Ke2 Kf8 47.Kf2 Ke8 48.Ra7
Kd8 49.Kg2 Kc8 50.Ra3 Kb7 51.Ra4 1/2-1/2

[Event "R1 - Cahors-Montech"]
[Site "?"]
[Date "2007.??.??"]
[Round "4.2"]
[White "Vuaillat, Jack"]
[Black "Thamier, Stephan"]
[Result "1/2-1/2"]
[WhiteElo "1899"]
[BlackElo "1900"]
[EventDate "2007.??.??"]
[PlyCount "78"]

1.Nf3 c5 2.Nc3 Nc6 3.d4 cxd4 4.Nxd4 e5 5.Nb3 Bb4 6.e3 d5 7.Bd2 Be6 8.Bb5 
Ne7 9.O-O O-O 10.a3 Bd6 11.Bd3 f5 12.Nb5 a6 13.Nxd6 Qxd6 14.Re1 Rad8 15.
Bf1 d4 16.exd4 Bxb3 17.cxb3 Nxd4 18.Bc3 Nec6 19.Qh5 Rf6 20.g3 f4 21.Qd1 
fxg3 22.hxg3 Nf3+ 23.Kg2 Nxe1+ 24.Qxe1 Nd4 25.Qe4 Nc6 26.Re1 Rdf8 27.f4 
Rf5 28.Qc4+ Kh8 29.Bd3 Rh5 30.Be2 Rhf5 31.Bg4 b5 32.Qe4 R5f7 33.Rh1 h6 34.
Rd1 Qc7 35.fxe5 Rf2+ 36.Kh3 Nd8 37.Rd7 Qc6 38.Qxc6 Nxc6 39.e6 R2f6 1/2-1/2

[Event "R1 - Cahors-Montech"]
[Site "?"]
[Date "2007.??.??"]
[Round "4.1"]
[White "Nivat, Alain"]
[Black "Auge, Jean"]
[Result "1/2-1/2"]
[WhiteElo "1873"]
[BlackElo "1941"]
[EventDate "2007.??.??"]
[PlyCount "98"]

1.e4 d5 2.exd5 Qxd5 3.Nc3 Qa5 4.d4 Nf6 5.Bc4 Bg4 6.f3 Bh5 7.Ne2 Nbd7 8.O-O
e6 9.Nf4 c6 10.Qe2 O-O-O 11.Kh1 Bd6 12.Bd2 Bxf4 13.Bxf4 g5 14.b4 Qf5 15.
Be5 g4 16.fxg4 Bxg4 17.Qe3 Qg6 18.Bxf6 Nxf6 19.d5 Nxd5 20.Bxd5 exd5 21.
Qxa7 Rhg8 22.Qf2 d4 23.Na4 Be6 24.Nc5 Bd5 25.Rg1 Rg7 26.Rae1 f5 27.Nd3 Be4
28.Nf4 Qd6 29.a3 Rg4 30.Rgf1 Rdg8 31.Re2 h5 32.Rd2 h4 33.Kg1 Bxg2 34.Nxg2 
h3 35.Qxf5+ Kb8 36.Rff2 R8g5 37.Qf8+ Qxf8 38.Rxf8+ Kc7 39.Rff2 b6 40.Kf1 
hxg2+ 41.Rxg2 c5 42.Rxg4 Rxg4 43.Ke2 Rh4 44.Kd3 Rh3+ 45.Kc4 Rxa3 46.bxc5 
Rc3+ 47.Kxd4 Rxc5 48.h4 Kd6 49.Ke4+ Ke6 1/2-1/2

[Event "R1 - Cahors-CEIT"]
[Site "Cahors"]
[Date "2007.??.??"]
[Round "6"]
[White "Rouqual, Guy"]
[Black "Benayoun, David"]
[Result "1-0"]
[WhiteElo "1770"]
[BlackElo "1710"]
[EventDate "2007.??.??"]
[PlyCount "66"]

1.d4 g6 2.Nf3 Bg7 3.e4 c5 4.Be3 Qb6 5.dxc5 Qxb2 6.Bd4 Qb4+ 7.c3 Qb2 8.Bxg7
Qxa1 9.Qc2 f6 10.Bc4 a5 11.O-O a4 12.Nbd2 Qxf1+ 13.Nxf1 e6 14.Bxh8 Nc6 15.
e5 f5 16.Bb5 Nce7 17.Nd4 Kf7 18.Bxa4 Ra5 19.Nb5 Kf8 20.Nd6 Rxc5 21.Nxc8 
Rxc8 22.Bxd7 Rc7 23.Bxe6 Nc6 24.Qd2 Re7 25.Bxg8 Kxg8 26.Bf6 Rf7 27.f4 h6 
28.Qd5 Kf8 29.Ne3 Kg8 30.Nc4 Kf8 31.Nd6 Rh7 32.Qe6 Ne7 33.Bxe7+ Rxe7 1-0

[Event "R1 - Cahors-CEIT"]
[Site "Cahors"]
[Date "2007.??.??"]
[Round "6"]
[White "Nivat, Alain"]
[Black "Landes, Rene"]
[Result "1/2-1/2"]
[WhiteElo "1873"]
[BlackElo "1817"]
[EventDate "2007.??.??"]
[PlyCount "69"]

1.e4 e5 2.Nf3 Nc6 3.Bc4 Nf6 4.d3 d5 5.exd5 Nxd5 6.Ng5 f6 7.Ne4 Be6 8.O-O 
Qd7 9.Bb5 a6 10.Ba4 Nb6 11.Bb3 Bxb3 12.axb3 Bd6 13.Nbc3 O-O 14.Be3 Nd4 15.
Na4 Nxa4 16.Rxa4 b5 17.Ra5 Be7 18.Bxd4 exd4 19.Qh5 Qc6 20.Raa1 Rfd8 21.
Rac1 Rd5 22.Qf3 b4 23.Ng3 Qd7 24.Rfe1 Re8 25.Nh5 Qf5 26.Qxf5 Rxf5 27.Ng3 
Re5 28.f4 Rxe1+ 29.Rxe1 Kf7 30.Nf5 c5 31.Kf2 g6 32.Nh6+ Kf8 33.Kf3 Kg7 34.
Ng4 Kf7 35.Nh6+ 1/2-1/2

[Event "R1 - Cahors-CEIT"]
[Site "Cahors"]
[Date "2007.??.??"]
[Round "6"]
[White "Muneret, Maurice"]
[Black "Thamier, Stephan"]
[Result "1/2-1/2"]
[WhiteElo "1699"]
[BlackElo "1900"]
[EventDate "2007.??.??"]
[PlyCount "63"]

1.Nf3 d5 2.d4 Nf6 3.c4 dxc4 4.e3 b5 5.a4 c6 6.axb5 cxb5 7.Nc3 Bd7 8.Ne5 a6
9.Qf3 Ra7 10.Ne4 e6 11.Bd2 Be7 12.Ba5 Qc8 13.Be2 O-O 14.Nxf6+ Bxf6 15.Bb6 
Rb7 16.Bc5 Re8 17.Ng4 Be7 18.Bxe7 Rxe7 19.O-O Bc6 20.Qg3 Kf8 21.Ne5 f6 22.
Nxc6 Qxc6 23.Bf3 Qb6 24.Bxb7 Rxb7 25.Qf3 a5 26.Qd1 a4 27.Qd2 Nc6 28.Rfd1 
Rd7 29.Qc3 Kf7 30.Kf1 Na5 31.Qb4 Nc6 32.Qc3 1/2-1/2

[Event "R1 - Cahors-CEIT"]
[Site "Cahors"]
[Date "2007.??.??"]
[Round "6"]
[White "Delmas, Jean"]
[Black "Pigiere, Dominique"]
[Result "1-0"]
[WhiteElo "1760"]
[BlackElo "1630"]
[EventDate "2007.??.??"]
[PlyCount "113"]

1.e4 c6 2.d4 d5 3.e5 Bf5 4.Nc3 Qc7 5.g4 Bd7 6.Bg2 e6 7.Nge2 c5 8.Bf4 Ne7 
9.Qd2 Ng6 10.Bg3 Be7 11.f4 Nh4 12.Bxh4 Bxh4+ 13.Ng3 a6 14.dxc5 Qxc5 15.
O-O-O Bd8 16.Qd4 Qa5 17.Nh5 O-O 18.a3 Be7 19.Kd2 Nc6 20.Qd3 Rad8 21.Ke2 b5
22.Qd2 Qb6 23.g5 Be8 24.Bf3 Na5 25.Qc1 d4 26.Nb1 Nc4 27.c3 dxc3 28.Rxd8 
Bxd8 29.Qxc3 Bc6 30.Rf1 Bxf3+ 31.Kxf3 Qb7+ 32.Kg3 Ba5 33.b4 Bb6 34.Rd1 Rc8
35.Qf3 Qa7 36.Rc1 Rd8 37.Rd1 Rc8 38.Rc1 Qd7 39.Rd1 Qe7 40.Nc3 Kh8 41.Ne4 
Ne3 42.Rd3 Nf5+ 43.Kh3 h6 44.Nhg3 Nxg3 45.Qxg3 Rc1 46.gxh6 gxh6 47.Nf6 Rg1
48.Qh4 Qf8 49.Qh5 Qg7 50.Rg3 Rxg3+ 51.hxg3 Qg6 52.Qf3 Kg7 53.Qa8 Qf5+ 54.
Kh4 h5 55.Qg8+ Kh6 56.Qh8+ Kg6 57.Qh7# 1-0

[Event "R1 - Cahors-CEIT"]
[Site "Cahors"]
[Date "2007.??.??"]
[Round "6"]
[White "Chmargounof, Georges"]
[Black "Houmeau, Dominique"]
[Result "0-1"]
[WhiteElo "1520"]
[BlackElo "1530"]
[EventDate "2007.??.??"]
[PlyCount "66"]

1.d4 d5 2.c4 e6 3.Nf3 Nf6 4.Nc3 Be7 5.e3 Nbd7 6.cxd5 exd5 7.Bd3 c6 8.O-O 
O-O 9.b3 Bd6 10.Qc2 h6 11.Bb2 Re8 12.Rac1 Nf8 13.e4 dxe4 14.Nxe4 Nxe4 15.
Bxe4 Bg4 16.Ne5 Qh4 17.Nxg4 Qxg4 18.f3 Qh5 19.h3 Qh4 20.g4 Qxh3 21.Qg2 Qh4
22.f4 Ng6 23.Bxg6 fxg6 24.Rc3 Rf8 25.Rh3 Qe7 26.Qd2 Rae8 27.f5 Qe4 28.Qg2 
Qxg2+ 29.Kxg2 Re4 30.Rh4 g5 31.Rhh1 Rxg4+ 32.Kh3 Rg3+ 33.Kh2 Rxb3+ 0-1